Analyse von Gewinn und Wachstum deutscher Lebensversicherungs- unternehmen <Ein> Beitrag zur empirischen Theorie der Versicherung
Gespeichert in:
| 1. Verfasser: | |
|---|---|
| Format: | Buch |
| Sprache: | Deutsch |
| Veröffentlicht: |
Wiesbaden
Gabler
1991
|
| Ausgabe: | 1. Aufl. |
| Schlagworte: | |
| Tags: |
Keine Tags, Fügen Sie das erste Tag hinzu!
|
MARC
| LEADER | 00000nam a2200000 4500 | ||
|---|---|---|---|
| 001 | c000100 | ||
| 005 | 20221214101945.6 | ||
| 020 | |a 3-409-18805-3 | ||
| 041 | 0 | |a ger | |
| 044 | |a DE | ||
| 245 | 1 | 0 | |a Analyse von Gewinn und Wachstum deutscher Lebensversicherungs- unternehmen |b <Ein> Beitrag zur empirischen Theorie der Versicherung |c Gunter Kürble |
| 250 | |a 1. Aufl. | ||
| 264 | 1 | |a Wiesbaden |b Gabler |c 1991 | |
| 300 | |a 308 s. | ||
| 610 | 2 | 0 | |a poisťovne |
| 610 | 2 | 0 | |a Nemecko |
| 610 | 2 | 0 | |a poistenie životné |
| 610 | 2 | 0 | |a zisk |
| 610 | 2 | 0 | |a rast hospodársky |
| 610 | 2 | 0 | |a výskum |
| 610 | 2 | 0 | |a hospodárstvo podnikové |
| 610 | 2 | 0 | |a kalkulácia |
| 610 | 2 | 0 | |a poistenci |
| 610 | 2 | 0 | |a konkurencia |
| 610 | 2 | 0 | |a trh |
| 100 | 1 | |a Kürble, Gunter | |